Closest Capital to Capital - South America #1 - Statistics

General Stats
  • This quiz has been taken 8 times
  • The average score is 6 of 6
Answer Stats
Hint Answer % Correct
Montevideo Buenos Aires
100%
Santiago Buenos Aires
100%
Lima Quito
100%
Brasillia Asunción
88%
Quito Bogotá
88%
Paramaribo Georgetown
75%
No matching quizzes found
Score Distribution
Percent of People with Each Score
Percentile by Number Answered
Your Score History
You have not taken this quiz